Enggineered Process Systems - Catalog

Spremljeno u:
Bibliografski detalji
Glavni autor: B James Shanahan
Format: Knjiga
Jezik:Undetermined
Izdano: NewYork
Teme:
Oznake: Dodaj oznaku
Bez oznaka, Budi prvi tko označuje ovaj zapis!
Thư viện lưu trữ: Trung tâm Học liệu Trường Đại học Cần Thơ
LEADER 00439nam a2200157Ia 4500
001 CTU_23513
008 210402s9999 xx 000 0 und d
082 |a 025.4028 
082 |b E57 
100 |a B James Shanahan 
245 0 |a Enggineered Process Systems - Catalog 
245 0 |c B James Shanahan 
260 |a NewYork 
650 |a systems engineered 
904 |i Sáng, 980425 
980 |a Trung tâm Học liệu Trường Đại học Cần Thơ